Životná múdrosť II.

Bibliographic Details
Main Author: Schopenhauer, Arthur, 1788-1860 (Author)
Other Authors: Krankus, Milan, 1950- (Translator), Buzássy, Ján, 1935- (Translator)
Format: Book
Language:Slovak
German
PhysicalDescription:318 s. 17 cm
Published: Bratislava Nestor 2000
ISBN:8089000088
8089000061
Edition:[1. vyd.]
Series:Klenoty
Subjects:

MARC

LEADER 00000cam a2200000 a 4500
001 vtls001481669
003 SK-MaSNL
005 20260302073640.0
008 240318s2000 xo g 00000 slo
015 |a SNBA2004/12-06497 
020 |a 8089000088  |q (viaz.) 
020 |a 8089000061 
035 |a SNK000436966 
040 |a SNK  |b slo  |c SNK  |e AACR2 
041 1 |a slo  |h ger 
044 |a xo  |c SK 
072 7 |a 17  |x Etika. Morálna filozofia  |2 konspekt 
080 |a 17.02  |2 1981 
080 |a 316.752  |2 1981 
080 |a 101  |2 1981 
080 |a (0:82-4)  |2 1981 
100 1 |a Schopenhauer, Arthur,  |d 1788-1860  |4 aut  |9 112806 
240 1 0 |a Aphorismen zur Lebensweisheit  |l Slovensky 
245 1 0 |a Životná múdrosť  |n II.  |c Arthur Schopenhauer ; [z nemeckého originálu preložil a poznámky napísal M. Krankus ; verše prebásnil J. Buzássy] 
250 |a [1. vyd.] 
260 |a Bratislava  |b Nestor  |c 2000 
300 |a 318 s.  |c 17 cm 
490 1 |a Klenoty 
500 |a Pozn. 
650 0 7 |a životná múdrosť  |2 SNKPH  |9 4008 
650 0 7 |a hodnoty  |x filozofické chápanie  |2 SNKPH  |9 397700 
655 7 |a úvahy  |2 SNKPH  |9 29403 
700 1 |a Krankus, Milan,  |d 1950-  |4 trl  |9 193817 
700 1 |a Buzássy, Ján,  |d 1935-  |4 trl  |9 109313 
830 0 |a Klenoty  |9 279029 
919 |a 80-89000-08-8 
999 |c 1161803  |d 1163733 
952 |t P60, <03>, [BOOK], {603}, -K-  |a SNK  |b SNK  |y PREZ  |7 0  |p 17A0443045  |o snkSD 74175/2  |i snkKSP 12009/2004  |0 0  |1 0  |4 0  |d 2004-09-13  |l 0  |r 2025-11-21 00:00:00  |w 2026-02-24 
952 |t P60, <04>, [BOOK], {604}  |a SNK  |b SNK  |y VYP  |7 0  |p 17A0443046  |o snkSD 74175/2 D1  |i snkKSP 12010/2004  |0 0  |1 0  |4 0  |d 2004-09-13  |l 0  |r 2005-01-02 00:00:00  |w 2026-02-24